[Event "Quebec Alekhine"]
[Site "Quebec"]
[Date "2017.09.18"]
[Round "2"]
[White "Bahadi, Khalid"]
[Black "Beauchesne, Jonathan"]
[Result "0-1"]
[WhiteElo "1969"]
[BlackElo "1786"]
[PlyCount "53"]
[EventDate "2017.09.11"]
[EventType "swiss"]
[EventRounds "5"]
[EventCountry "CAN"]
[SourceTitle "EXT 2022"]
[Source "ChessBase"]
[SourceDate "2021.10.06"]
[SourceVersion "1"]
[SourceVersionDate "2021.10.06"]
[SourceQuality "1"]

1. e4 c5 2. Nf3 d6 3. d4 cxd4 4. Nxd4 Nf6 5. Nc3 g6 6. Be2 Bg7 7. g4 Nxg4 8. Bxg4 Bxg4 9. f3 Bh3 10. Be3 Nc6 11. Qd2 0-0 12. Rg1 Bd7 13. h4 h5 14. 0-0-0 Ne5 15. Bh6 Kh7 16. Bxg7 Kxg7 17. Nf5+ Bxf5 18. exf5 Nxf3 19. Qe3 Nxg1 20. Nd5 e6 21. Nf4 Qb6 22. Qg3 Ne2+ 23. Nxe2 Qc5 24. fxe6 fxe6 25. Nf4 Qf5 26. Rf1 e5 27. Qg5 0-1

[Event "Quebec Alekhine"]
[Site "Quebec"]
[Date "2016.09.26"]
[Round "3"]
[White "Bahadi, Khalid"]
[Black "Potvin, Alain Nicolas"]
[Result "1-0"]
[WhiteElo "1887"]
[BlackElo "1799"]
[PlyCount "60"]
[EventDate "2016.09.12"]
[EventType "swiss"]
[EventRounds "5"]
[EventCountry "CAN"]
[SourceTitle "EXT 2022"]
[Source "ChessBase"]
[SourceDate "2021.10.06"]
[SourceVersion "1"]
[SourceVersionDate "2021.10.06"]
[SourceQuality "1"]

1. e4 d6 2. d4 Nf6 3. Nc3 g6 4. f4 Bg7 5. e5 dxe5 6. fxe5 Ng4 7. Be2 Nh6 8. Nf3 Nf5 9. 0-0 Nc6 10. Bb5 0-0 11. Ne2 a6 12. Bc4 b5 13. Bb3 e6 14. Bf4 Na5 15. Qd2 Nxb3 16. axb3 Bb7 17. g4 Nh4 18. Ne1 Qd5 19. Bg3 f6 20. Nf4 Qe4 21. Bxh4 fxe5 22. Nfg2 exd4 23. Rf4 Qd5 24. c4 bxc4 25. bxc4 Qc6 26. Nd3 e5 27. Nb4 Qe6 28. Rxf8+ Rxf8 29. h3 e4 30. Re1 Qxc4 1-0

[Event "Ste Foy Botwinnik"]
[Site "Ste Foy"]
[Date "2016.09.24"]
[Round "3"]
[White "Bahadi, Khalid"]
[Black "Sauve, Richard"]
[Result "1/2-1/2"]
[WhiteElo "1887"]
[BlackElo "1905"]
[PlyCount "112"]
[EventDate "2016.09.10"]
[EventType "swiss"]
[EventRounds "5"]
[EventCountry "CAN"]
[SourceTitle "EXT 2022"]
[Source "ChessBase"]
[SourceDate "2021.10.06"]
[SourceVersion "1"]
[SourceVersionDate "2021.10.06"]
[SourceQuality "1"]

1. e4 e6 2. d4 d5 3. Nc3 Nf6 4. Bd3 c5 5. Nf3 Nc6 6. e5 Nd7 7. Be3 cxd4 8. Bxd4 Nxd4 9. Nxd4 Nxe5 10. Bb5+ Bd7 11. Qe2 Bxb5 12. Qxe5 Bc6 13. 0-0-0 Qd6 14. Qg5 h6 15. Qe3 Be7 16. f4 0-0 17. g4 Bf6 18. h4 e5 19. Nf5 exf4 20. Qd3 Qb4 21. g5 Bxc3 22. bxc3 Qe4 23. gxh6 g6 24. Rhg1 Qxd3 25. Rxd3 Kh7 26. Ne7 Kxh6 27. Rf3 Rfe8 28. Nxc6 bxc6 29. Rxf4 Re7 30. Rf6 Rc8 31. Rgf1 Kg7 32. Kd2 Rcc7 33. h5 gxh5 34. R6f5 h4 35. Rg1+ Kf8 36. Rg4 Re4 37. Rxe4 dxe4 38. Rf4 Re7 39. Ke3 Kg7 40. Rg4+ Kf6 41. Rxh4 Kg5 42. Rh7 Kg6 43. Rh8 f5 44. Rc8 f4+ 45. Kxf4 e3 46. Rg8+ Kf6 47. Rg1 e2 48. Re1 Re5 49. Kf3 Ra5 50. Kxe2 Rxa2 51. Kd3 Ra5 52. Kc4 Re5 53. Rf1+ Ke6 54. Ra1 a5 55. Rd1 Re2 56. Ra1 Re5 1/2-1/2

[Event "Quebec Alekhine"]
[Site "Quebec"]
[Date "2016.09.19"]
[Round "2"]
[White "Bahadi, Khalid"]
[Black "Tremblay, Rejean"]
[Result "0-1"]
[WhiteElo "1887"]
[BlackElo "2223"]
[PlyCount "172"]
[EventDate "2016.09.12"]
[EventType "swiss"]
[EventRounds "5"]
[EventCountry "CAN"]
[SourceTitle "EXT 2022"]
[Source "ChessBase"]
[SourceDate "2021.10.06"]
[SourceVersion "1"]
[SourceVersionDate "2021.10.06"]
[SourceQuality "1"]

1. e4 c5 2. Nf3 d6 3. d4 cxd4 4. Nxd4 Nf6 5. Nc3 a6 6. Be2 e6 7. g4 Be7 8. g5 Nfd7 9. h4 b5 10. Be3 Bb7 11. Bf3 Ne5 12. Bg2 Nbd7 13. Qe2 Nc4 14. 0-0-0 Nxe3 15. Qxe3 b4 16. Na4 Qa5 17. b3 Nc5 18. f4 Nxa4 19. bxa4 Qxa4 20. Kb1 Rc8 21. f5 e5 22. Nb3 Qc6 23. Qf2 Bd8 24. Rd2 a5 25. Rhd1 Bb6 26. Qe2 Rd8 27. Rd5 Qc7 28. R5d2 0-0 29. f6 g6 30. h5 a4 31. Nc1 Bd4 32. hxg6 fxg6 33. Bh3 Bc8 34. Rd3 Bxh3 35. Rxh3 Rc8 36. Rdh1 h5 37. Qd2 Qb7 38. Qe2 Rc7 39. Qf3 Rfc8 40. Rxh5 gxh5 41. Qxh5 Rh7 42. Qg6+ Kh8 43. f7 Rxh1 44. Qf6+ Kh7 45. g6+ Kh6 46. g7+ Kh7 47. f8R Qxg7 48. Qf5+ Qg6 49. Qxc8 Rxc1+ 50. Kxc1 Qg1+ 51. Kd2 Bc3+ 52. Ke2 Qg2+ 53. Kd3 Qd2+ 54. Kc4 Qd4+ 55. Kb5 Qxe4 56. Rf7+ Kh6 57. Qh8+ Kg5 58. Qg8+ Kh6 59. Qf8+ Kh5 60. Qh8+ Kg5 61. Qf6+ Kh5 62. Qxd6 Qxc2 63. Rd7 Qe2+ 64. Qd3 Qxd3+ 65. Rxd3 a3 66. Rg3 Kh4 67. Rg1 Kh3 68. Kc4 Kh2 69. Rg6 Kh3 70. Kd3 Kh4 71. Rg2 Kh5 72. Ke4 b3 73. axb3 Bb2 74. Rg8 a2 75. Ra8 a1Q 76. Rxa1 Bxa1 77. b4 Kg5 78. b5 Kf6 79. b6 Bd4 80. b7 Ba7 81. Kf3 Kf5 82. Ke2 Kf4 83. Kf1 Kf3 84. Ke1 e4 85. Kf1 e3 86. Ke1 e2 0-1

[Event "Ste Foy CC-ch"]
[Site "Ste Foy"]
[Date "2016.05.14"]
[Round "1"]
[White "Bahadi, Khalid"]
[Black "Sarra Bournet, Marc"]
[Result "1-0"]
[WhiteElo "1965"]
[BlackElo "1901"]
[PlyCount "139"]
[EventDate "2016.05.14"]
[EventType "tourn"]
[EventRounds "5"]
[EventCountry "CAN"]
[SourceTitle "EXT 2022"]
[Source "ChessBase"]
[SourceDate "2021.10.06"]
[SourceVersion "1"]
[SourceVersionDate "2021.10.06"]
[SourceQuality "1"]

1. e4 e5 2. Nf3 Nc6 3. Bc4 Bc5 4. c3 Nf6 5. 0-0 Nxe4 6. Bd5 Nxf2 7. Rxf2 Bxf2+ 8. Kxf2 Ne7 9. Bb3 e4 10. Ng5 d5 11. d3 f6 12. Nh3 exd3 13. Qxd3 c6 14. Bf4 Bf5 15. Qg3 0-0 16. Nd2 Ng6 17. Bc7 Qd7 18. c4 Ne5 19. cxd5 cxd5 20. Ba5 Qb5 21. Bc3 Qc5+ 22. Ke2 Bg4+ 23. Nf3 Rfe8 24. Kf1 Qb5+ 25. Kg1 Qc5+ 26. Kh1 Bxh3 27. Qxh3 Nd3 28. Bd4 Nf2+ 29. Bxf2 Qxf2 30. Bxd5+ Kh8 31. b3 Re7 32. a4 Rae8 33. Rg1 Qc5 34. Bc4 Re3 35. Qd7 R3e7 36. Qd4 Qb4 37. Qxa7 b6 38. Qa6 Rd8 39. Qb5 Qd6 40. h3 Re3 41. Qh5 g6 42. Qh6 g5 43. Rf1 Re4 44. Rf2 g4 45. hxg4 Rxg4 46. Nh4 Qd4 47. Nf3 Qc3 48. Nh2 Rg6 49. Qf4 Rd4 50. Qb8+ Kg7 51. Qc7+ Kh6 52. Qxb6 Rh4 53. Re2 Qg3 54. Qe3+ Qxe3 55. Rxe3 Rd4 56. Kg1 Rd1+ 57. Kf2 Rd2+ 58. Re2 Rd6 59. Kf3 Rd4 60. a5 f5 61. a6 Rg7 62. Re6+ Kg5 63. Ke3 Rdd7 64. Nf3+ Kh5 65. Ne5 Rc7 66. Be2+ Kh4 67. Kf4 Rg4+ 68. Bxg4 Rc4+ 69. bxc4 h5 70. Ng6# 1-0

[Event "Ste Foy Petrosian"]
[Site "Ste Foy"]
[Date "2016.04.23"]
[Round "3"]
[White "Chouinard, Etienne"]
[Black "Bahadi, Khalid"]
[Result "0-1"]
[WhiteElo "1905"]
[BlackElo "2018"]
[PlyCount "20"]
[EventDate "2016.04.09"]
[EventType "swiss"]
[EventRounds "5"]
[EventCountry "CAN"]
[SourceTitle "EXT 2022"]
[Source "ChessBase"]
[SourceDate "2021.10.06"]
[SourceVersion "1"]
[SourceVersionDate "2021.10.06"]
[SourceQuality "1"]

1. e4 d6 2. d4 Nf6 3. Nc3 g6 4. Be3 Bg7 5. Qd2 Ng4 6. Bf4 Nc6 7. f3 e5 8. dxe5 Ngxe5 9. Bb5 0-0 10. Bh6 Qh4+ 0-1

[Event "Ste Foy Petrosian"]
[Site "Ste Foy"]
[Date "2016.04.16"]
[Round "2"]
[White "Bahadi, Khalid"]
[Black "Sauve, Richard"]
[Result "0-1"]
[WhiteElo "2018"]
[BlackElo "1883"]
[PlyCount "118"]
[EventDate "2016.04.09"]
[EventType "swiss"]
[EventRounds "5"]
[EventCountry "CAN"]
[SourceTitle "EXT 2022"]
[Source "ChessBase"]
[SourceDate "2021.10.06"]
[SourceVersion "1"]
[SourceVersionDate "2021.10.06"]
[SourceQuality "1"]

1. e4 e6 2. d4 d5 3. Nd2 Nf6 4. e5 Nfd7 5. Ndf3 c5 6. c3 Nc6 7. Bb5 Qb6 8. Bxc6 bxc6 9. Ne2 Ba6 10. 0-0 cxd4 11. cxd4 c5 12. Re1 Bxe2 13. Rxe2 cxd4 14. Nxd4 Bc5 15. Be3 0-0 16. a3 a5 17. Qa4 Nxe5 18. Nf5 Bxe3 19. Ne7+ Kh8 20. Rxe3 Qxb2 21. Rae1 Nc4 22. Rh3 Qd2 23. Rd1 Qg5 24. Qc2 h6 25. Nc6 Rac8 26. Rg3 Qf4 27. Qc3 Qf6 28. Qxf6 gxf6 29. Nd4 Rg8 30. Rh3 Rg6 31. f4 f5 32. Rc1 Kg7 33. Rb3 Kf6 34. Rb5 Rgg8 35. a4 Rb8 36. Rcb1 Rxb5 37. Rxb5 Rc8 38. Nb3 Ra8 39. Kf2 Ra6 40. Nc5 Rc6 41. Nd7+ Ke7 42. Nc5 Rb6 43. Ke2 Rxb5 44. axb5 Kd6 45. Na4 Kc7 46. Kd3 Nb6 47. Nc3 Kd6 48. Kd4 f6 49. Ne2 e5+ 50. Kd3 a4 51. Kc3 Kc5 52. Ng3 d4+ 53. Kc2 e4 54. Nxf5 d3+ 55. Kc3 Nd5+ 56. Kb2 e3 57. Ng3 e2 58. Ne4+ Kd4 59. Nd2 Ke3 0-1

[Event "Quebec Khalif"]
[Site "Quebec"]
[Date "2016.03.21"]
[Round "1"]
[White "Bahadi, Khalid"]
[Black "Beauchesne, Jonathan"]
[Result "1-0"]
[WhiteElo "1927"]
[BlackElo "1569"]
[PlyCount "95"]
[EventDate "2016.03.21"]
[EventType "tourn"]
[EventRounds "5"]
[EventCountry "CAN"]
[SourceTitle "EXT 2022"]
[Source "ChessBase"]
[SourceDate "2021.10.06"]
[SourceVersion "1"]
[SourceVersionDate "2021.10.06"]
[SourceQuality "1"]

1. e4 c5 2. Nf3 d6 3. d4 cxd4 4. Nxd4 Nf6 5. Nc3 g6 6. Be2 Bg7 7. g4 a6 8. g5 Nfd7 9. h4 Nc6 10. Be3 Qc7 11. h5 Nb6 12. h6 Bxd4 13. Bxd4 Nxd4 14. Qxd4 e5 15. Qd3 Be6 16. 0-0-0 0-0-0 17. b3 Kb8 18. Rhg1 Rhf8 19. Rg3 f5 20. gxf6 Rxf6 21. Rf3 Qf7 22. Rxf6 Qxf6 23. Qe3 Qf4 24. Qxf4 exf4 25. Bf3 Kc7 26. Ne2 Rf8 27. Nd4 Bd7 28. Rg1 Nc8 29. Bg4 Ne7 30. f3 Ng8 31. Be6 Nf6 32. Bc4 Re8 33. Kd2 Nh5 34. Bd5 Nf6 35. c4 Re5 36. Ne2 g5 37. Nc3 Bc8 38. Kd3 Kd8 39. Kd4 Ke7 40. c5 Ne8 41. cxd6+ Kxd6 42. Na4 b5 43. Nb6 Be6 44. Bxe6 Kxe6 45. Nd7 Rxe4+ 46. Kxe4 Kxd7 47. Rxg5 Ke6 48. Kxf4 1-0

[Event "Quebec Montcalm op 5 2015-16"]
[Site "Quebec"]
[Date "2016.03.17"]
[Round "5"]
[White "Bahadi, Khalid"]
[Black "Cummins, Paul"]
[Result "1-0"]
[WhiteElo "1900"]
[BlackElo "1805"]
[PlyCount "100"]
[EventDate "2016.02.18"]
[EventType "swiss"]
[EventRounds "5"]
[EventCountry "CAN"]
[SourceTitle "EXT 2022"]
[Source "ChessBase"]
[SourceDate "2021.10.06"]
[SourceVersion "1"]
[SourceVersionDate "2021.10.06"]
[SourceQuality "1"]

1. e4 c5 2. Nf3 d6 3. d4 cxd4 4. Nxd4 Nf6 5. Nc3 a6 6. Bc4 e6 7. Bb3 Be7 8. Bg5 Nc6 9. 0-0 Qc7 10. Re1 Nxd4 11. Qxd4 Bd7 12. Rad1 Bc6 13. Bxf6 gxf6 14. Rd3 Rg8 15. Nd5 Bxd5 16. exd5 e5 17. Qh4 Qa5 18. Rc3 Rg6 19. Qxh7 Bf8 20. Re4 b5 21. Qh3 Qd8 22. Rc6 Rh6 23. Qd3 f5 24. Re3 f4 25. Rf3 Qa5 26. c3 Be7 27. Qe4 Ra7 28. Rc8+ Bd8 29. Rxf4 Rc7 30. Rxc7 Qxc7 31. Rg4 Rh8 32. Qf5 a5 33. a4 b4 34. Rc4 Qe7 35. cxb4 axb4 36. h3 Rh4 37. g3 Rh6 38. Rc8 Qd7 39. Qxd7+ Kxd7 40. Rb8 Rxh3 41. Rxb4 f5 42. Bd1 Rh6 43. Rc4 Bb6 44. b4 Rg6 45. a5 Bd4 46. Kg2 Rg8 47. Ba4+ Kd8 48. b5 Rg6 49. b6 f4 50. Rxd4 exd4 1-0

[Event "Ste Foy Morphy"]
[Site "Ste Foy"]
[Date "2016.03.05"]
[Round "2"]
[White "Bahadi, Khalid"]
[Black "Chouinard, Etienne"]
[Result "1-0"]
[WhiteElo "1927"]
[BlackElo "1898"]
[PlyCount "53"]
[EventDate "2016.02.27"]
[EventType "swiss"]
[EventRounds "5"]
[EventCountry "CAN"]
[SourceTitle "EXT 2022"]
[Source "ChessBase"]
[SourceDate "2021.10.06"]
[SourceVersion "1"]
[SourceVersionDate "2021.10.06"]
[SourceQuality "1"]

1. e4 e5 2. Nf3 Nc6 3. Bb5 Nf6 4. 0-0 Bc5 5. c3 0-0 6. d4 Bb6 7. Bg5 h6 8. Bh4 g5 9. Nxg5 hxg5 10. Bxg5 Qe7 11. f4 exd4 12. e5 dxc3+ 13. Kh1 c2 14. Qxc2 Nxe5 15. fxe5 Qxe5 16. Bxf6 Qxb5 17. Rf5 Re8 18. Nc3 Qc6 19. Rg5+ Kf8 20. Bg7+ Kg8 21. Nd5 Qxd5 22. Rxd5 Kxg7 23. Rg5+ Kf8 24. Qh7 d6 25. Rg8+ Ke7 26. Rxe8+ Kxe8 27. Qg8+ 1-0

[Event "Quebec Montcalm op 5 2015-16"]
[Site "Quebec"]
[Date "2016.03.03"]
[Round "3"]
[White "Bahadi, Khalid"]
[Black "Cournoyer, Dominic"]
[Result "1-0"]
[WhiteElo "1900"]
[BlackElo "2026"]
[PlyCount "67"]
[EventDate "2016.02.18"]
[EventType "swiss"]
[EventRounds "5"]
[EventCountry "CAN"]
[SourceTitle "EXT 2022"]
[Source "ChessBase"]
[SourceDate "2021.10.06"]
[SourceVersion "1"]
[SourceVersionDate "2021.10.06"]
[SourceQuality "1"]

1. e4 d5 2. exd5 Nf6 3. c4 c6 4. dxc6 Nxc6 5. Nf3 e5 6. d3 Bc5 7. Be2 e4 8. Ng5 exd3 9. Bxd3 Ne5 10. Qa4+ Bd7 11. Qc2 h6 12. Ne4 Nxd3+ 13. Qxd3 Qe7 14. Nbc3 0-0-0 15. 0-0 Be6 16. Qf3 Bd4 17. Nxf6 Qxf6 18. Qxf6 Bxf6 19. Ne4 Bxc4 20. Re1 Bd5 21. Nxf6 gxf6 22. Bf4 Rd7 23. Rac1+ Kd8 24. Be3 b6 25. Bd4 Rd6 26. Red1 Rg8 27. Bxf6+ Kd7 28. Be5 Rxg2+ 29. Kf1 Rdg6 30. Bg3 R2xg3 31. hxg3 Ke6 32. b3 Bf3 33. Rd3 Rf6 34. Re1+ 1-0

[Event "Quebec Montcalm op 5 2015-16"]
[Site "Quebec"]
[Date "2016.02.25"]
[Round "2"]
[White "Tremblay, Rejean"]
[Black "Bahadi, Khalid"]
[Result "1-0"]
[WhiteElo "2171"]
[BlackElo "1900"]
[PlyCount "51"]
[EventDate "2016.02.18"]
[EventType "swiss"]
[EventRounds "5"]
[EventCountry "CAN"]
[SourceTitle "EXT 2022"]
[Source "ChessBase"]
[SourceDate "2021.10.06"]
[SourceVersion "1"]
[SourceVersionDate "2021.10.06"]
[SourceQuality "1"]

1. d4 Nf6 2. c4 g6 3. Nf3 Bg7 4. Nc3 0-0 5. Bf4 d6 6. h3 Nh5 7. Bh2 c5 8. Qd2 cxd4 9. Nxd4 Nc6 10. e3 Nxd4 11. exd4 e5 12. 0-0-0 Qa5 13. Kb1 Bf5+ 14. Ka1 exd4 15. Nb5 Qxd2 16. Rxd2 Rfe8 17. Bd3 Bxd3 18. Rxd3 Re2 19. g4 Nf6 20. Nxd6 Rxf2 21. Be5 Re2 22. Bxd4 b6 23. Rdd1 Rd8 24. Nb5 Rd7 25. Bc3 a6 26. Nd4 1-0

[Event "Ste-Foy - Tal"]
[Site "Ste Foy"]
[Date "2015.12.19"]
[Round "5"]
[White "Bahadi, Khalid"]
[Black "Laflamme, Simon"]
[Result "1/2-1/2"]
[WhiteElo "1914"]
[BlackElo "1873"]
[PlyCount "62"]
[EventDate "2015.11.21"]
[EventType "swiss"]
[EventRounds "5"]
[EventCountry "CAN"]
[SourceTitle "EXT 2019"]
[Source "ChessBase"]
[SourceDate "2018.10.10"]
[SourceVersion "1"]
[SourceVersionDate "2018.10.10"]
[SourceQuality "1"]

1. e4 c6 2. d4 d5 3. Bd3 dxe4 4. Bxe4 Nf6 5. f3 Nxe4 6. fxe4 e5 7. Nf3 exd4 8. 0-0 Bg4 9. c3 Bc5 10. Kh1 0-0 11. Qb3 Bxf3 12. Rxf3 Qb6 13. Qc2 Nd7 14. Bf4 Rfe8 15. Nd2 dxc3 16. Nc4 cxb2 17. Rb1 Qd8 18. e5 Nb6 19. Na5 Qe7 20. Nxb7 Qxb7 21. Qxc5 Qe7 22. Qxc6 Rac8 23. Qd6 Qxd6 24. exd6 Re4 25. h3 Rc2 26. Be3 Nd7 27. Kh2 Ra4 28. Rf2 Rxf2 29. Bxf2 Rxa2 30. Bd4 Ra6 31. Rxb2 Rxd6 1/2-1/2

[Event "Montcalm III 2015-16"]
[Site "Quebec"]
[Date "2015.12.10"]
[Round "4"]
[White "Dube, Daniel"]
[Black "Bahadi, Khalid"]
[Result "0-1"]
[WhiteElo "1997"]
[BlackElo "1914"]
[PlyCount "72"]
[EventDate "2015.11.19"]
[EventType "swiss"]
[EventRounds "5"]
[EventCountry "CAN"]
[SourceTitle "EXT 2019"]
[Source "ChessBase"]
[SourceDate "2018.10.10"]
[SourceVersion "1"]
[SourceVersionDate "2018.10.10"]
[SourceQuality "1"]

1. d4 d5 2. c4 c6 3. Nc3 e6 4. e4 Nf6 5. cxd5 cxd5 6. e5 Ne4 7. Nxe4 dxe4 8. Bc4 Bb4+ 9. Kf1 Nc6 10. Ne2 0-0 11. a3 Ba5 12. b4 Bb6 13. Be3 Qe7 14. Qc2 f5 15. exf6 Qxf6 16. Qxe4 Bd7 17. h4 Ne7 18. Nf4 Nf5 19. Rh3 Kh8 20. Rd1 Nd6 21. Qd3 Rac8 22. Rf3 Nxc4 23. Nd5 Qxf3 24. gxf3 exd5 25. Kg2 Nb2 26. Qb3 Nxd1 27. Qxd1 Bd8 28. Qb3 Bxh4 29. b5 Rc4 30. a4 Be7 31. a5 Rf6 32. b6 Rg6+ 33. Kf1 axb6 34. axb6 Bb4 35. Qa2 Bb5 36. Qa8+ Rc8# 0-1

[Event "Montcalm III 2015-16"]
[Site "Quebec"]
[Date "2015.11.26"]
[Round "2"]
[White "Cournoyer, Dominic"]
[Black "Bahadi, Khalid"]
[Result "0-1"]
[WhiteElo "2017"]
[BlackElo "1914"]
[PlyCount "62"]
[EventDate "2015.11.19"]
[EventType "swiss"]
[EventRounds "5"]
[EventCountry "CAN"]
[SourceTitle "EXT 2019"]
[Source "ChessBase"]
[SourceDate "2018.10.10"]
[SourceVersion "1"]
[SourceVersionDate "2018.10.10"]
[SourceQuality "1"]

1. c4 d6 2. Nc3 g6 3. Nf3 Bg7 4. g3 Nf6 5. Bg2 0-0 6. 0-0 Nh5 7. d4 f5 8. Qb3 c6 9. c5+ d5 10. Rd1 f4 11. Ne5 fxg3 12. hxg3 Nd7 13. Nxd5 cxd5 14. Qxd5+ Kh8 15. Nf7+ Rxf7 16. Qxf7 Ndf6 17. Bg5 Qc7 18. e4 Bg4 19. Re1 Qd7 20. Qc4 Bh3 21. Bh1 Qg4 22. Bxf6 Nxg3 23. Bxg7+ Kxg7 24. Kh2 Rf8 25. Qc2 Nxh1 26. f3 Rxf3 27. Kxh1 Qh4 28. Re2 Bg2+ 29. Kxg2 Rg3+ 30. Kf2 Qf4+ 31. Ke1 Rg1# 0-1

[Event "Ste-Foy - Fischer"]
[Site "Ste Foy"]
[Date "2015.11.14"]
[Round "5"]
[White "Bahadi, Khalid"]
[Black "Lessard, Claude"]
[Result "1-0"]
[WhiteElo "1933"]
[BlackElo "2049"]
[PlyCount "103"]
[EventDate "2015.10.17"]
[EventType "swiss"]
[EventRounds "5"]
[EventCountry "CAN"]
[SourceTitle "EXT 2019"]
[Source "ChessBase"]
[SourceDate "2018.10.10"]
[SourceVersion "1"]
[SourceVersionDate "2018.10.10"]
[SourceQuality "1"]

1. e4 c6 2. d4 g6 3. f4 d6 4. Nf3 Bg7 5. Be2 Nf6 6. Nc3 0-0 7. h3 Nh5 8. Kf2 e5 9. dxe5 Qb6+ 10. Be3 Qxb2 11. Na4 Qa3 12. c4 Ng3 13. Bc1 Nxe4+ 14. Kg1 Qb4 15. Rb1 Qxb1 16. Bd3 Qxa2 17. Bxe4 dxe5 18. fxe5 Qxc4 19. Bd3 Rd8 20. Nb2 Qc5+ 21. Kh2 Bf5 22. Qe2 Bxd3 23. Nxd3 Qb5 24. Rd1 Re8 25. Qe4 Na6 26. Qh4 Rad8 27. e6 fxe6 28. Qe4 Rxd3 29. Qxd3 Qxd3 30. Rxd3 Re7 31. Rd8+ Kf7 32. Ng5+ Kf6 33. Nxh7+ Kf5 34. g4+ Ke5 35. Kg3 Bh6 36. Bb2+ Ke4 37. Nf6+ Ke3 38. Bc1+ Ke2 39. Bxh6 Nc7 40. Rd2+ Ke1 41. Ra2 Rf7 42. Bg5 Nd5 43. Ne4 a6 44. Nc5 b6 45. Nxe6 c5 46. Nf4 Nxf4 47. Bxf4 a5 48. Kf3 Rd7 49. Ra1+ Rd1 50. Bg3+ Kd2 51. Rxd1+ Kxd1 52. h4 1-0

[Event "Ste-Foy - Fischer"]
[Site "Ste Foy"]
[Date "2015.11.07"]
[Round "4"]
[White "Bahadi, Khalid"]
[Black "Laflamme, Simon"]
[Result "1/2-1/2"]
[WhiteElo "1933"]
[BlackElo "1879"]
[PlyCount "80"]
[EventDate "2015.10.17"]
[EventType "swiss"]
[EventRounds "5"]
[EventCountry "CAN"]
[SourceTitle "EXT 2019"]
[Source "ChessBase"]
[SourceDate "2018.10.10"]
[SourceVersion "1"]
[SourceVersionDate "2018.10.10"]
[SourceQuality "1"]

1. e4 c6 2. d4 d5 3. e5 c5 4. Nf3 Bg4 5. c3 e6 6. Bb5+ Nc6 7. 0-0 Qb6 8. Bxc6+ Qxc6 9. Nbd2 Ne7 10. dxc5 Ng6 11. b4 b6 12. cxb6 axb6 13. Qb3 Rc8 14. Bb2 Be7 15. Nd4 Qd7 16. f4 Nh4 17. c4 dxc4 18. Nxc4 0-0 19. Rf2 Qb7 20. Ne3 Bh5 21. g4 Bg6 22. f5 exf5 23. gxf5 Bh5 24. f6 gxf6 25. Qd5 Qxd5 26. Nxd5 Bd8 27. Nxf6+ Bxf6 28. Rxf6 Ng6 29. Re1 Rfe8 30. Nc6 Bf3 31. b5 Bxc6 32. bxc6 Re6 33. Rc1 Ne7 34. Bd4 b5 35. c7 Nd5 36. Rc5 Nxf6 37. exf6 h6 38. Be5 Rxe5 39. Rxe5 Rxc7 40. Re2 Rc6 1/2-1/2

[Event "Montcalm II 2015-16"]
[Site "Quebec"]
[Date "2015.10.22"]
[Round "2"]
[White "Abran, David"]
[Black "Bahadi, Khalid"]
[Result "1-0"]
[WhiteElo "1845"]
[BlackElo "1920"]
[PlyCount "57"]
[EventDate "2015.10.15"]
[EventType "swiss"]
[EventRounds "5"]
[EventCountry "CAN"]
[SourceTitle "EXT 2019"]
[Source "ChessBase"]
[SourceDate "2018.10.10"]
[SourceVersion "1"]
[SourceVersionDate "2018.10.10"]
[SourceQuality "1"]

1. g3 d5 2. Bg2 e5 3. b3 f5 4. Bb2 d4 5. e3 c5 6. exd4 cxd4 7. Nf3 Nc6 8. 0-0 e4 9. Ne1 Nf6 10. d3 Bc5 11. dxe4 fxe4 12. f3 0-0 13. fxe4 Nxe4 14. Nd3 Qg5 15. Rxf8+ Bxf8 16. Bxe4 Qe3+ 17. Nf2 Qg5 18. Nd2 Bc5 19. Bd3 Bb6 20. Nde4 Qe5 21. Qf3 Be6 22. Ng4 Qc7 23. Ng5 Bxg4 24. Bxh7+ Kh8 25. Qxg4 Qe7 26. Bd3 Qe3+ 27. Kh1 Ne5 28. Qh3+ Kg8 29. Rf1 1-0

[Event "Ste-Foy - Fischer"]
[Site "Ste Foy"]
[Date "2015.10.17"]
[Round "1"]
[White "Leblanc Legault, Mathieu"]
[Black "Bahadi, Khalid"]
[Result "0-1"]
[WhiteElo "1742"]
[BlackElo "1933"]
[PlyCount "39"]
[EventDate "2015.10.17"]
[EventType "swiss"]
[EventRounds "5"]
[EventCountry "CAN"]
[SourceTitle "EXT 2019"]
[Source "ChessBase"]
[SourceDate "2018.10.10"]
[SourceVersion "1"]
[SourceVersionDate "2018.10.10"]
[SourceQuality "1"]

1. d4 d5 2. Nc3 c6 3. f3 Nf6 4. e4 e6 5. e5 Nfd7 6. f4 c5 7. Nf3 cxd4 8. Nxd4 Bc5 9. Be3 a6 10. Qd2 b5 11. a3 g5 12. g3 Bb7 13. Bg2 Nb6 14. b3 N8d7 15. Qf2 Qc7 16. Nce2 gxf4 17. gxf4 Rg8 18. c3 Bc6 19. Bh3 a5 20. Qh4 0-1

[Event "Ste-Foy - Petrosian"]
[Site "Ste Foy"]
[Date "2015.04.25"]
[Round "3"]
[White "Chouinard, Etienne"]
[Black "Bahadi, Khalid"]
[Result "1-0"]
[WhiteElo "1798"]
[BlackElo "1952"]
[PlyCount "97"]
[EventDate "2015.04.11"]
[EventType "swiss"]
[EventRounds "5"]
[EventCountry "CAN"]
[SourceTitle "EXT 2019"]
[Source "ChessBase"]
[SourceDate "2018.10.10"]
[SourceVersion "1"]
[SourceVersionDate "2018.10.10"]
[SourceQuality "1"]

1. e4 e5 2. f4 d5 3. exd5 e4 4. Nc3 Nf6 5. d3 exd3 6. Bxd3 Bc5 7. Qe2+ Kf8 8. Be3 Bb4 9. 0-0-0 Bg4 10. Nf3 Nbd7 11. Bd2 c5 12. dxc6 bxc6 13. h3 Bxf3 14. Qxf3 Qa5 15. Qxc6 Rb8 16. Qa4 Qb6 17. Qa6 Qd4 18. Qc4 Qb6 19. Na4 Bxd2+ 20. Rxd2 Qe3 21. Kd1 g6 22. Re1 Qg3 23. Rde2 Kg7 24. Re7 Rhf8 25. Qd4 Rbd8 26. Qc3 Qxf4 27. Nc5 Nxc5 28. Qxc5 Qa4 29. Kc1 Nd5 30. Rxa7 Qf4+ 31. Kb1 Qd2 32. Qa5 Qf2 33. a3 Kg8 34. Bc4 Nc3+ 35. Qxc3 Qxa7 36. Qf6 Qc7 37. b3 Rd6 38. Bxf7+ Qxf7 39. Qxd6 Qf5 40. a4 Rf6 41. Qc7 Rf7 42. Qc3 Qd7 43. a5 Qb5 44. Kb2 Rf5 45. Qc7 Rf7 46. Qb6 Qd5 47. a6 Kg7 48. a7 Qxg2 49. Re8 1-0

[Event "Ste-Foy - Petrosian"]
[Site "Ste Foy"]
[Date "2015.04.18"]
[Round "2"]
[White "Bahadi, Khalid"]
[Black "Dube, Daniel"]
[Result "0-1"]
[WhiteElo "1952"]
[BlackElo "1952"]
[PlyCount "120"]
[EventDate "2015.04.11"]
[EventType "swiss"]
[EventRounds "5"]
[EventCountry "CAN"]
[SourceTitle "EXT 2019"]
[Source "ChessBase"]
[SourceDate "2018.10.10"]
[SourceVersion "1"]
[SourceVersionDate "2018.10.10"]
[SourceQuality "1"]

1. e4 e6 2. d4 d5 3. Nc3 Bb4 4. Nge2 dxe4 5. a3 Bxc3+ 6. Nxc3 Nc6 7. Bb5 Nge7 8. Nxe4 Qd5 9. Qd3 f5 10. Ng3 0-0 11. Ne2 Qxg2 12. Rg1 Qe4 13. Qg3 Ng6 14. Bd3 Qh4 15. Qe3 Bd7 16. b4 Rae8 17. Bb2 Nce7 18. c4 f4 19. Qf3 Bc6 20. d5 exd5 21. Bxg6 Nxg6 22. b5 Re3 23. Qg4 Qxg4 24. Rxg4 Re7 25. bxc6 f3 26. Bd4 Rxe2+ 27. Kf1 bxc6 28. cxd5 cxd5 29. Rc1 Rfe8 30. Be3 Ne5 31. Rg3 c5 32. Rxf3 Ra2 33. Rg3 d4 34. Rxc5 dxe3 35. Rxe3 Rxf2+ 36. Kxf2 Ng4+ 37. Kf3 Nxe3 38. Rc7 a5 39. Rc5 a4 40. Ra5 Nc4 41. Rxa4 Re3+ 42. Kf2 Rc3 43. Ra8+ Kf7 44. a4 Ra3 45. Ra6 h5 46. Kg2 h4 47. h3 g6 48. Kf2 Rxh3 49. a5 Ra3 50. Ra7+ Kf6 51. a6 h3 52. Rc7 h2 53. Kg2 Ra2+ 54. Kh1 Ne5 55. a7 Ng4 56. Rh7 Ra1+ 57. Kg2 Ra2+ 58. Kg3 Rxa7 59. Rh4 Kf5 60. Rh8 Ra1 0-1